Development finance (Record no. 39972)

MARC details
000 -LEADER
fixed length control field 00515nam a2200145 a 4500
008 - FIXED-LENGTH DATA ELEMENTS--GENERAL INFORMATION
fixed length control field 120416s1968 ||||||||||||||||| || u
050 ## - LIBRARY OF CONGRESS CALL NUMBER
Classification number HG 4517 Per
100 ## - MAIN ENTRY--PERSONAL NAME
Personal name Perera, Phillips
245 10 - TITLE STATEMENT
Title Development finance
246 ## - VARYING FORM OF TITLE
Title proper/short title institutions, problems and prospects
260 ## - PUBLICATION, DISTRIBUTION, ETC.
Place of publication, distribution, etc. New York
Name of publisher, distributor, etc. Praeger
Date of publication, distribution, etc. 1968
300 ## - PHYSICAL DESCRIPTION
Extent xxiii, 440p. : ill.
350 ## - PRICE (NR) (BK AM CF MU VM SE) [OBSOLETE]
Price 0.00
995 ## - RECOMMENDATION 995 [LOCAL, UNIMARC FRANCE]
-- 0.00
-- CBU-MAIN LIBRARY (Kitwe)
-- 1
-- 0.00
-- 1
-- AVAILABLE
-- Annex Low-Usage Collection
Holdings
Withdrawn status Lost status Source of classification or shelving scheme Damaged status Not for loan Home library Current library Shelving location Date acquired Total Checkouts Full call number Barcode Date last seen Price effective from Koha item type
          CBU-MAIN LIBRARY, KITWE. CBU-MAIN LIBRARY, KITWE.   11/30/2022   HG 4517 Per 007530 11/30/2022 11/30/2022 MONOGRAPH